| 000 | 02079nam0a2200421 4500 | ||
|---|---|---|---|
| 001 | RU\NLR\bibl\576724 | ||
| 005 | 20250610134448.0 | ||
| 010 |
_a5-94688-007-1 _bв обл. _93000 |
||
| 021 |
_aRU _b2004-28382 _91429 |
||
| 035 | _aRSL-KNO-002431359 | ||
| 035 | _a(NLR Aleph) 000568763 | ||
| 090 |
_a1579011 _c1579011 |
||
| 100 | _a20040519d2004 |||y0rusy50 ca | ||
| 101 | 0 | _arus | |
| 102 | _aRU | ||
| 105 | _aa ||||||||| | ||
| 106 | _ar | ||
| 200 | 1 |
_aБиоритмы твоего здоровья _eхронопрофилактика. Биоритмол. программы оздоровления для всей семьи _e2004 г. _fФедоркина О. А. |
|
| 210 |
_aМ. _cГрааль _d2004 _eПИК ВИНИТИ |
||
| 215 |
_a43, [1] с. _cил., табл. _d21 |
||
| 225 | 1 | _aБиблиотека семейного врача | |
| 320 | _aБиблиогр.: с. 43 (16 назв.) | ||
| 606 | 0 |
_aФизиологические процессы _xРитм _91144693 _3RU\NLR\auth\66137681 |
|
| 606 | 0 |
_aЗдоровье _xРоль биоритмов _92320979 _3RU\NLR\auth\661388532 |
|
| 610 | 0 | _aЗдравоохранение. Медицинские науки -- Гигиена питания -- Рациональное питание -- Популярные издания | |
| 610 | 0 | _aБиологические науки -- Физиология, биофизика и биохимия животных и человека -- Физиология животных и человека -- Экологическая физиология -- Периодичность физиологических процессов -- Популярные издания | |
| 610 | 0 |
_aнутрицевтика _aбиоритмы |
|
| 686 |
_aР123.0я9 _2rubbk |
||
| 686 |
_aЕ905,11я9 _2rubbk |
||
| 686 | _aР252.2 | ||
| 686 | _aЕ903,11 | ||
| 700 | 1 |
_aФедоркина _bО. А. _4070 |
|
| 801 | 0 |
_aRU _bRuMoRKP _c20040519 _gPSBO |
|
| 801 | 1 |
_aRU _bRuMoRGB _c20040519 |
|
| 801 | 2 |
_aRU _bNLR _c20041123 _gPSBO |
|
| 942 | _cBOOK | ||
| 980 | _aNB | ||